| 000 | 00601nam a2200205Ia 4500 | ||
|---|---|---|---|
| 005 | 20250923145152.0 | ||
| 008 | 008 250917s9999 xx 000 0 eng d | ||
| 037 | _aTextual | ||
| 040 |
_aDSWL _beng _cDSWL |
||
| 041 |
_aeng _2eng |
||
| 084 |
_aY31:7:7.1, N67;1 _qDSWL |
||
| 100 |
_aHalpern, Joel M. _9832476 |
||
| 245 | 0 |
_aChanging Village Community _cby Joel M. Halpern |
|
| 260 |
_aNew Delhi _b Prentice Hall of India Ltd. _c1969 |
||
| 300 | _aviii,139p. | ||
| 365 |
_aINR _b4.00 |
||
| 925 | _g4.00 | ||
| 942 |
_cTEXL _hY31:7:7.1, N67;1 |
||
| 999 |
_c1447999 _d1447999 |
||